000 01051nam a2200301 i 4500
003 EG-GICUC
005 20260308190145.0
008 260308s1921 uk ||||fr|||| 001 0 eng d
040 _aEG-GiCUC
_beng
_cEG-GiCUC
_dEG-GiCUC
_eRda
082 0 4 _221
_a341.6
_bHO . L
092 0 4 _221
099 _aLaw1 11 341.6 HO . L 1921
100 1 _aHolland, Sir Thomas Erskine
_eAuthor.
245 1 0 _aLetters to "the Times" Upon War and Neutrality (1881-1920) :
_bWith Some Commentary /
_cSir Thomas Erskine Holland.
_n
250 _aThird Edition
264 1 _aLondon :
_bLongmans, Green, and Co,
_c1921.
300 _a215page :
_billustration ;
_c 24 cm.
336 _2rda contenu
_a texte
337 _2rda medias
_aOrdinateur
338 _2 transporteur rda
_a Ressource en ligne
504 _aIncludes bibliographical references and index.
546 _aText in English
650 1 4 _aPublic international law
_2
651 1 _2
856 4 0 _uhttps://fll.law.cu.edu.eg/fulltext/bks/B11-08736.pdf
905 _a50
942 _2ddc
_cBK
_e21
_n0
999 _c65837
_d65837